000 01069cam a22002535a 4500
003 OSt
005 20200925112746.0
008 111111s2011 ck ab b 000 0 spa
010 _a 2011531531
020 _a9789588454399
040 _aDLC
_cCO-JMCR
_dDLC
041 0 _aspa
082 0 4 _a307.760986148 /
_bU92b
_223
100 1 _aUtria, Rubén D.
_eautor
_910820
245 1 0 _aBogotá, una metropoli en crisis :
_baportes al debate electoral /
_cRubén D. Utria.
250 _aPrimera edición
260 _aBogotá :
_bFundación Ciudades Mejores,
_c2011.
300 _a239 páginas :
_bilustraciones, mapas a color ;
_c24 cm.
504 0 _aBibliografía : páginas 237-239.introducción: un debate inaplazable. -- Bogotá, una metrópoli en crisis de sostenibilidad. -- El desafío político. -- Temas controversiales. -- Hacia una Bogotá del siglo XXI.
650 2 4 _aDesarrollo sostenible
_zColombia
_zBogotá.
_910821
650 2 4 _aPolítica urbana
_zColombia
_zBogotá.
_910822
650 2 4 _aPolítica y gobierno
_zColombia
_zBogotá
_910823
942 _2ddc
_cBK
999 _c6882
_d6882